000 00834nam a22002055i 4500
001 161484
003 ES-MaACL
005 20230906212309.0
008 041020s1888 xxk |||| | eng d
040 _aCAM
_bspa
_cCAM
100 0 _aEmin Pash (
_d1840-1892)
_9155241
245 1 0 _aEmin Pasha in Central Africa
_b: being a collection of his letters and journals /
_cedited and anoted by G. Schweinfurth [et al.]; translated by R. W. Felkin.
260 _aLondon :
_bGeorge Philip & Son,
_c1888 (
_fBallantyne, Hanson & Co)
300 _a[2] h. de lám., [1] h. map. pleg., XVIII, 547 p. ;
_c23 cm.
597 _aLas h. de lám. son retratos de Emin Pasha.
700 1 1 _aRatzel, F.,
_eed. lit.
_9131622
700 1 1 _aHartlaub, G.,
_eed. lit.
_9127799
700 1 _aFelkin, W.
_9127033
852 _aES-MaACL
_jG-11956
_z-- Enc. tela
999 _c161484
_d161484